MARC
| LEADER | 00000 a a2200000 04500 | ||
|---|---|---|---|
| 001 | 6299 | ||
| 003 | |||
| 040 | |||
| 245 | |a Para entender la perspectiva de género | ||
| 650 | |a EQUIDAD SOCIAL | ||
| 650 | |a PROBLEMAS SOCIALES | ||
| 650 | |a TEORIA | ||
| 650 | |a SOCIEDAD | ||
| 650 | |a ROL FEMENINO | ||
| 650 | |a ROL MASCULINO | ||
| 650 | |a HOMBRES | ||
| 650 | |a MUJERES | ||
| 650 | |a TEORIA | ||
| 650 | |a ANALISIS HISTORICO | ||
| 773 | |g volumen 20, número 874; páginas 12-13 | ||
| 999 | |c 32915 |d 32915 | ||
